000 00770nam a22002177a 4500
005 20251108165411.0
008 250721s1976 xx 000 0 ara d
082 1 4 _a940.1/سعي
100 1 _aعاشور، سعيد عبد الفتاح
245 1 0 _aأوروبا العصور الوسطى /
250 _aط6
264 1 _aالقاهره :
_bمكتبة الأنجلو المصرية،
_c1976.
300 _a2ج : مراجع ، فهارس
500 _aج1- التاريخ السياسي ، ج2- النهضات و الحضارة و النظم
650 1 7 _aالعصور الوسطى
650 1 7 _aالتاريخ الحديث
650 1 7 _aالتاريخ السياسي
650 1 7 _aتاريخ أوروبا الحديث
942 _2ddc
_cBK
999 _c27012
_d27012